Statistics for Quess the Lil Tjay Song

Click here to take the quiz!

General Stats

  • This quiz has been taken 33 times
  • The average score is 5 of 10

Answer Stats

Answer% Correct
Calling My Phone
82%
Goat
79%
Resume
79%
Beat the Odds
75%
Leaked
64%
Brothers
46%
Hold On
32%
Long Time
32%
Ruthless
21%
Laneswitch
18%

Score Distribution

Percentile by Number Answered

Percent of People with Each Score

Your Score History

You have not taken this quiz